00881cam a2200277 a 4500001000500000005001700005020002500022040004000047050002100087082001100108100001900119245008400138246001800222250003400240260003400274300005900308490003100367490001000398505000800408520003700416521002900453521002000482650004200502650002100544700003800565390520240711090612.0 a9780545220934 (pbk.) aDLCcDLCdIG#dWI9WBdPZTdDLCbeng00aGV1507.P47b201100a793.731 aMarzollo, Jean10aI spy an egg in a nest /criddles by Jean Marzollo ; photographs by Walter Wick30aEgg in a nest aFirst printing , January 2011 aNew York :bScholastic,c2011 a29 unnumbered pages : bcolor illustrations ; c23 cm. aScholastic readervLevel 1 aI Spy aG  aFind objects in picture puzzles.2 a380 bLexile estimate 8 aG bRaz-PLus  0aPicture puzzlesvJuvenile literature. 1aPicture puzzles.1 aWick, Walterd1953-eillustrator